[Event "Challenge"]
[Site "http://www.queenalice.com/game.php?id=1648476"]
[Date "2021.4.2"]
[Round "-"]
[White "Kees_Popinga"]
[Black "peaceman"]
[Result "1-0"]
[WhiteElo "1560"]
[BlackElo "1130"]

1. d4 d5 2. Nf3 e6 3. Bf4 Bb4+ 4. Nc3 Nc6 5. a3 Bd6 6. e3 Nf6 7. h3 h6 8. Bd3 a6
9. O-O O-O 10. Qd2 b5 11. b4 Qe7 12. Rfe1 e5 13. dxe5 Nxe5 14. e4 Nh5 15. Nxd5
Qe6 16. Nxc7 Bxc7 17. Nxe5 f6 18. Ng6 Qf7 19. e5 Bb7 20. Nxf8 Kxf8 21. Be4 Bxe4
22. Rxe4 f5 23. Rd4 Re8 24. Rd7 Qe6 25. Rxc7 Qb6 26. Rd7 Qc6 27. Qd6+ Re7 28.
Qxe7+ Kg8 29. g3 Nf6 30. Qxg7# 1-0

[Event "Challenge"]
[Site "http://www.queenalice.com/game.php?id=1725230"]
[Date "2021.4.27"]
[Round "-"]
[White "magalhaes_br"]
[Black "peaceman"]
[Result "1-0"]
[WhiteElo "1562"]
[BlackElo "1148"]

1. e4 e5 2. Nf3 Nc6 3. Bb5 a6 4. Ba4 b5 5. Bb3 f6 6. c3 Bc5 7. O-O d6 8. d4 exd4
9. cxd4 Nxd4 10. Nxd4 Qd7 11. Be6 Qe7 12. Bxc8 Rxc8 13. Nc3 Qe5 14. Nc6 Qe6 15.
Qd5 Qg4 16. Qf5 Qxf5 17. exf5 Ne7 18. Nxe7 Kxe7 19. Bf4 Kf7 20. Rae1 g5 21. Bg3
h5 22. h3 Rhe8 23. a3 h4 24. Bh2 Bd4 25. Nd1 Re5 26. Bxe5 dxe5 27. Re2 c6 28. b4
c5 29. Nb2 Rd8 30. Nd1 cxb4 31. axb4 Re8 32. Ne3 Rd8 33. Rc1 Bb2 34. Rxb2 Ke7
35. Rc7+ Kd6 36. Rbc2 Rd7 37. R2c6+ Ke7 38. Re6+ Kf7 39. Rxd7+ Kf8 40. Rxa6 Ke8
41. Rh7 Kf8 42. Ra8# 1-0

[Event "Challenge"]
[Site "http://www.queenalice.com/game.php?id=1725329"]
[Date "2021.4.27"]
[Round "-"]
[White "peaceman"]
[Black "Kees_Popinga"]
[Result "0-1"]
[WhiteElo "1146"]
[BlackElo "1610"]

1. e4 e5 2. Bc4 Nf6 3. Nf3 Bd6 4. h3 O-O 5. d3 Nc6 6. a3 a6 7. Nc3 b5 8. Nxb5
axb5 9. Bb3 Na5 10. a4 Nxb3 11. cxb3 Bb7 12. Be3 c6 13. O-O Qe7 14. Qd2 Bb4 15.
Qe2 d5 16. Nh4 d4 17. Rfc1 Rac8 18. a5 Ra8 19. Nf5 Qe6 20. Qf3 dxe3 21. Qg3 g6
22. Nh6+ Kg7 23. Ng4 Nh5 24. Qh4 Be7 25. Nf6 Bxf6 26. Qg4 Qxg4 27. hxg4 Nf4 28.
Rc3 Ne2+ 29. Kh2 Nxc3 30. bxc3 exf2 31. Rf1 Rxa5 32. b4 Ra2 33. c4 bxc4 34. Kg3
cxd3 35. Rxf2 Ra3 36. g5 Bxg5 37. Kg4 d2 38. Rxd2 Bxd2 39. g3 Bxb4 40. Kh4 h5
41. g4 hxg4 42. Kxg4 Bc8+ 43. Kg5 Be7# 0-1

[Event "Challenge"]
[Site "http://www.queenalice.com/game.php?id=1761092"]
[Date "2021.6.1"]
[Round "-"]
[White "ilbarbierefallito"]
[Black "peaceman"]
[Result "1-0"]
[WhiteElo "1513"]
[BlackElo "1134"]

1. d4 d5 2. Nf3 e6 3. g3 Nf6 4. Bg2 Bd7 5. O-O h6 6. Ne5 Qe7 7. Nxd7 Nbxd7 8.
Nc3 c6 9. Re1 g5 10. e4 Bg7 11. exd5 O-O 12. dxe6 fxe6 13. Qe2 Nd5 14. Nxd5 cxd5
15. Bxd5 Rf7 16. Bxe6 Nb6 17. Bxf7+ Qxf7 18. Qe6 Re8 19. Qxe8+ Qxe8 20. Rxe8+
Kf7 21. Re4 Nc4 22. d5 Nd6 23. Re6 Ne8 24. c4 Nc7 25. Re2 a6 26. Bd2 b5 27. d6
Ne6 28. Rae1 Nc5 29. d7 Nxd7 30. Re7+ Kg6 31. Rxd7 Bxb2 32. c5 a5 33. c6 b4 34.
c7 Kh5 35. c8=Q a4 36. Re4 Bf6 37. Qe8# 1-0

[Event "Challenge"]
[Site "http://www.queenalice.com/game.php?id=1761093"]
[Date "2021.6.1"]
[Round "-"]
[White "peaceman"]
[Black "ilbarbierefallito"]
[Result "0-1"]
[WhiteElo "1136"]
[BlackElo "1509"]

1. e4 c5 2. Bc4 g6 3. d3 Bg7 4. Qf3 e6 5. Be3 Bxb2 6. Ne2 Bxa1 7. O-O b6 8. Nd2
Bg7 9. e5 Nc6 10. h3 Bxe5 11. Ne4 d5 12. Ng5 f6 13. Nxe6 Bxe6 14. Bb5 Ne7 15. a4
a6 16. Bxc6+ Nxc6 17. Nf4 Bxf4 18. Qxf4 Nd4 19. c3 Ne2+ 20. Kh2 Nxf4 21. Bxf4
Qd7 22. Re1 b5 23. a5 b4 24. cxb4 cxb4 25. d4 b3 26. g4 b2 27. Rb1 Qb5 28. Bd2
Qd3 29. Rxb2 Qxd4 30. Rc2 Qxf2+ 31. Kh1 d4 32. Rc6 Bd5# 0-1

[Event "Challenge"]
[Site "http://www.queenalice.com/game.php?id=1761340"]
[Date "2021.6.4"]
[Round "-"]
[White "magalhaes_br"]
[Black "peaceman"]
[Result "1-0"]
[WhiteElo "1570"]
[BlackElo "1138"]

1. e4 e5 2. Nf3 Bc5 3. Nxe5 Qe7 4. Nd3 Qxe4+ 5. Qe2 Nf6 6. Nc3 Qe6 7. Nxc5 Qxe2+
8. Bxe2 O-O 9. O-O h6 10. N5e4 d6 11. Nxf6+ gxf6 12. Bh5 Bf5 13. Bd1 a6 14. b3
Nc6 15. Bb2 Be6 16. Bf3 Nd4 17. Be4 d5 18. Nxd5 Ne2+ 19. Kh1 c6 20. Nb6 Rad8 21.
Rad1 Bg4 22. Bf3 Bxf3 23. gxf3 f5 24. Rfe1 Rde8 25. Nd7 Nd4 26. Nxf8 Kxf8 27.
Bxd4 Rxe1+ 28. Rxe1 f6 29. Bxf6 Kf7 30. Bd8 Kg6 31. Re7 b5 32. Re6+ Kg7 33. Rxc6
b4 34. Rxa6 Kf7 35. Rf6+ Kg7 36. Rxf5 Kg6 37. Rd5 h5 38. c4 Kf7 39. c5 Ke6 40.
Rd3 h4 41. Bb6 Ke5 42. c6 Kf4 43. c7 1-0

[Event "Challenge"]
[Site "http://www.queenalice.com/game.php?id=1761825"]
[Date "2021.6.10"]
[Round "-"]
[White "Kees_Popinga"]
[Black "peaceman"]
[Result "1-0"]
[WhiteElo "1615"]
[BlackElo "1132"]

1. e4 e5 2. Nf3 f6 3. d4 Qe7 4. d5 Qb4+ 5. Nc3 Bd6 6. Be3 Qxb2 7. Na4 Qb4+ 8.
Qd2 Qxa4 9. Bd3 b5 10. O-O Bb7 11. Qc3 Ne7 12. Rab1 a6 13. a3 Ng6 14. h3 Nf4 15.
Bxf4 c5 16. Be3 c4 17. Be2 h6 18. Nh4 Kf7 19. Bh5+ Kg8 20. Nf5 Kf8 21. Nxd6 Ra7
22. Nf7 Rg8 23. Bxa7 Ke7 24. Qb4+ Qxb4 25. axb4 d6 26. c3 Nd7 27. f4 Nb6 28.
Bxb6 Bc8 29. Ra1 Bd7 30. fxe5 fxe5 31. Bd8+ Rxd8 32. Nxd8 Kxd8 33. Rf7 Kc7 34.
Rxa6 Kb7 35. Ra3 Kc8 36. Ra8+ Kb7 37. Rd8 Kc7 38. Rfxd7+ Kb6 39. Rxd6+ Kc7 40.
Be8 g5 41. R8d7+ Kc8 42. Rc6+ Kb8 43. Bh5 Ka8 44. Rc8# 1-0

[Event "Challenge"]
[Site "http://www.queenalice.com/game.php?id=1761865"]
[Date "2021.6.10"]
[Round "-"]
[White "eduardocosta"]
[Black "peaceman"]
[Result "1-0"]
[WhiteElo "1594"]
[BlackElo "1157"]

1. e3 d5 2. Be2 c6 3. b3 Nf6 4. Bb2 Qd6 5. Nf3 h6 6. O-O g5 7. c4 Bg7 8. cxd5
cxd5 9. Be5 Qd7 10. Na3 Nc6 11. Nb5 a6 12. Nc7+ Kd8 13. Nxa8 Qe6 14. Bc3 b5 15.
Nb6 Bb7 16. Nd4 Qd6 17. Nf5 Qc5 18. Bd4 e6 19. Bxc5 exf5 20. Rb1 Ne5 21. d4 Ne4
22. Bf3 g4 23. Bxe4 fxe4 24. dxe5 Kc7 25. Nxd5+ Kc6 26. Ba3 Bxe5 27. Ne7+ Kc7
28. Rc1+ Kb8 29. Nc6+ Bxc6 30. Rxc6 Kb7 31. Qd7+ Ka8 32. Rxa6+ Kb8 33. Qxb5+ Kc8
34. Qxe5 Kd8 35. Ra8+ Kd7 36. Rxh8 f6 37. Qd6# 1-0

[Event "Challenge"]
[Site "http://www.queenalice.com/game.php?id=1762280"]
[Date "2021.6.16"]
[Round "-"]
[White "eduardocosta"]
[Black "peaceman"]
[Result "1-0"]
[WhiteElo "1568"]
[BlackElo "1224"]

1. e3 e5 2. Nf3 Be7 3. Nxe5 d6 4. Nd3 Nc6 5. Nc3 Nf6 6. Nf4 O-O 7. Nfd5 Qd7 8.
Bb5 a6 9. Bxc6 bxc6 10. Nb4 c5 11. Nd3 Bb7 12. O-O h6 13. Nf4 g5 14. Nh5 Qc6 15.
Nxf6+ Kg7 16. Nfd5 f6 17. Qe2 Bd8 18. f3 Rf7 19. d3 Be7 20. e4 Qd7 21. b3 c6 22.
Nb6 Qd8 23. Nxa8 Qxa8 24. Na4 Bd8 25. Bb2 a5 26. c4 Be7 27. Rad1 Qd8 28. d4 h5
29. d5 Qd7 30. dxc6 Bxc6 31. Nb6 Qe6 32. Qd2 h4 33. Qxa5 h3 34. g3 Bd8 35. Qa6
g4 36. Rde1 Bb7 37. Qb5 Rc7 38. Nd5 Bxd5 39. cxd5 gxf3 40. Rxf3 Ra7 41. a3 Ra5
42. Qf1 Qg4 43. Rf4 Qg5 44. Qxh3 Bb6 45. Qd7+ Kg6 46. Rg4 f5 47. Rxg5+ Kxg5 48.
Bc1+ f4 49. Qf5+ Kh6 50. Bxf4+ Kg7 51. Bc1 Ra8 52. Bb2+ Kg8 53. Qe6+ Kf8 54.
Qxd6+ Kf7 55. Qxb6 Rh8 56. Bxh8 Kg8 57. Be5 Kf7 58. Qxc5 Kg6 59. a4 Kg5 60. a5
Kg4 61. a6 Kf3 62. Qe3+ Kg4 63. a7 1-0

[Event "Challenge"]
[Site "http://www.queenalice.com/game.php?id=1763357"]
[Date "2021.6.30"]
[Round "-"]
[White "eduardocosta"]
[Black "peaceman"]
[Result "1-0"]
[WhiteElo "1591"]
[BlackElo "1213"]

1. e3 e5 2. Nf3 Bd6 3. b3 b6 4. Bb2 h6 5. Bxe5 f6 6. Bxd6 cxd6 7. Be2 Nc6 8. O-O
Nge7 9. d4 Qc7 10. Bb5 Nb4 11. c4 Bb7 12. a3 Ned5 13. cxd5 Nc2 14. Ra2 Bxd5 15.
Qxc2 Qxc2 16. Rxc2 Bxb3 17. Rc7 a5 18. Rxd7 Be6 19. Rxg7+ Kf8 20. Rg6 Bf7 21.
Rxf6 d5 22. Rxb6 Kg7 23. Nc3 Rhc8 24. Ne2 Be8 25. Bxe8 Rxe8 26. Ne5 Ra7 27. Nf4
Kh7 28. Nxd5 Rg7 29. Nf6+ Kh8 30. Nxe8 Re7 31. Nf6 Kg7 32. Nfg4 h5 33. Rg6+ Kh7
34. Nf6+ Kh8 35. Nxh5 Kh7 36. Ra6 Rg7 37. Nf4 a4 38. Rxa4 Kh6 39. Ra6+ Kg5 40.
Rg6+ Rxg6 41. Nexg6 Kf5 42. a4 Ke4 43. a5 Kf5 44. a6 Ke4 45. a7 Kf5 46. a8=Q Kg5
47. d5 1-0

[Event "Challenge"]
[Site "http://www.queenalice.com/game.php?id=1765329"]
[Date "2021.7.26"]
[Round "-"]
[White "peaceman"]
[Black "magalhaes_br"]
[Result "1-0"]
[WhiteElo "1153"]
[BlackElo "1275"]

1. e4 e5 2. Nf3 d6 3. Bb5+ c6 4. Ba4 Nf6 5. Nc3 g6 6. b3 Bg7 7. d4 O-O 8. O-O
Qa5 9. Qd2 b5 10. Bxb5 cxb5 11. Ng5 Nc6 12. Bb2 Nxd4 13. h3 Qb6 14. Nd5 Nxd5 15.
Bc3 Ne6 16. Qxd5 Bb7 17. Qd3 Nf4 18. Qf3 f6 19. Ne6 Rf7 20. Nxf4 Qc6 21. Nd3
Qxe4 22. Qxe4 Bxe4 23. Rfe1 Bb7 24. b4 Rc8 25. Bd2 Rxc2 26. Be3 e4 27. Nf4 f5
28. Ne6 Bc8 29. Nd8 Rfc7 30. Bg5 R7c4 31. a3 Rd2 32. Ne6 Bxa1 33. Bxd2 Bxe6 34.
Rxa1 Rc2 35. Be3 Ra2 36. Rxa2 Bxa2 37. Bxa7 Kf7 38. Bb8 d5 39. Ba7 Ke6 40. f4
Kd6 41. Bc5+ Kc6 42. Kf2 Kd7 43. Ke3 Kc6 44. g3 h6 45. h4 Bc4 46. Bf8 h5 47. Kd4
e3 48. Kxe3 Kd7 49. Bh6 Kd6 50. Bf8+ 1-0

[Event "Challenge"]
[Site "http://www.queenalice.com/game.php?id=1767855"]
[Date "2021.8.25"]
[Round "-"]
[White "ilbarbierefallito"]
[Black "peaceman"]
[Result "1-0"]
[WhiteElo "1546"]
[BlackElo "1155"]

1. d4 d5 2. Nf3 Nf6 3. e3 Bf5 4. Be2 Ne4 5. Nc3 e6 6. Nxe4 dxe4 7. Nd2 Bd6 8.
Nc4 Bb4+ 9. c3 Qe7 10. cxb4 Qxb4+ 11. Nd2 Nc6 12. O-O O-O 13. a3 Qa5 14. Nc4 Qd5
15. b4 f6 16. Rb1 b5 17. Nd2 h6 18. Nb3 g5 19. Nc5 Rab8 20. Qb3 Qd6 21. a4 Rf7
22. Bxb5 a5 23. Bd2 axb4 24. Bc4 Re7 25. Bb5 Na5 26. Qxb4 Nc6 27. Qb3 Na5 28.
Bxa5 c6 29. Na6 Rbb7 30. Bb4 cxb5 31. Bxd6 Rb6 32. Bxe7 Kf7 33. Qxb5 Rxb5 34.
axb5 Kxe7 35. b6 Bg4 36. b7 Be2 37. b8=Q Bxa6 38. Qc7+ Kf8 39. Rb8+ Bc8 40.
Rxc8# 1-0

[Event "Challenge"]
[Site "http://www.queenalice.com/game.php?id=1767856"]
[Date "2021.8.25"]
[Round "-"]
[White "peaceman"]
[Black "ilbarbierefallito"]
[Result "0-1"]
[WhiteElo "1216"]
[BlackElo "1550"]

1. e4 c5 2. Bc4 e5 3. Nf3 d6 4. d3 h6 5. Qd2 Nf6 6. h3 Be7 7. Nc3 O-O 8. Qe3 Nc6
9. Bxf7+ Rxf7 10. Nb5 Nb4 11. Qe2 a6 12. Nc3 b5 13. a3 Nc6 14. b4 cxb4 15. Bb2
bxc3 16. Bxc3 Bb7 17. g4 Qf8 18. Nh4 Nd7 19. f3 Bxh4+ 20. Kd2 Rxf3 21. Rhf1 Rf2
22. Rxf2 Qxf2 23. Rf1 Qxe2+ 24. Kxe2 a5 25. Kf3 b4 26. axb4 Nxb4 27. Rb1 Rf8+
28. Ke3 Rf2 29. Bxb4 axb4 30. Rxb4 Nc5 31. Rb6 Rf6 32. Kd2 Re6 33. Kc3 Be7 34.
Kc4 d5+ 35. Kb5 Rxb6+ 36. Kxb6 dxe4 37. dxe4 Bxe4 38. c3 Bg2 39. h4 e4 40. Kc7
e3 41. g5 e2 42. gxh6 e1=Q 43. c4 Qe6 44. h7+ Kxh7 45. h5 Qc6+ 46. Kb8 Qb7# 0-1

[Event "Challenge"]
[Site "http://www.queenalice.com/game.php?id=1771229"]
[Date "2021.10.2"]
[Round "-"]
[White "eduardocosta"]
[Black "peaceman"]
[Result "1-0"]
[WhiteElo "1563"]
[BlackElo "1229"]

1. e3 e5 2. Nf3 Nc6 3. Bb5 a6 4. Bxc6 bxc6 5. Nxe5 Qe7 6. d4 f6 7. Nd3 Qe6 8.
O-O d5 9. Nc3 Bd6 10. Ne2 Ne7 11. b3 O-O 12. c4 Nf5 13. c5 Be7 14. Ndf4 Qd7 15.
b4 g5 16. Nh5 Bb7 17. Nhg3 a5 18. bxa5 Rxa5 19. Qc2 Rfa8 20. Nxf5 Bf8 21. Nfg3
Bc8 22. Bd2 Ba6 23. Bxa5 Bb5 24. Bc3 Bg7 25. a4 Qg4 26. axb5 Rxa1 27. Rxa1 Qc8
28. bxc6 g4 29. Nf4 Qd8 30. Qf5 1-0

[Event "Challenge"]
[Site "http://www.queenalice.com/game.php?id=1776439"]
[Date "2021.12.7"]
[Round "-"]
[White "peaceman"]
[Black "Ruusgugg"]
[Result "1-0"]
[WhiteElo "1211"]
[BlackElo "1428"]

1. e4 d5 2. Nc3 d4 3. Nd5 h5 4. Bd3 g5 5. Nf3 c5 6. Nxg5 Bg4 7. f3 Bc8 8. b3 f5
9. Ba3 e6 10. Nf6+ Qxf6 11. h4 fxe4 12. fxe4 e5 13. Qe2 Bg4 14. Qf2 Qc6 15. c4
Nd7 16. Qf7+ Kd8 17. Ne6+ Kc8 18. Qe8# 1-0

[Event "IPTAL 🤣"]
[Site "http://www.queenalice.com/game.php?id=1776659"]
[Date "2021.12.9"]
[Round "-"]
[White "zubarev"]
[Black "peaceman"]
[Result "1-0"]
[WhiteElo "1959"]
[BlackElo "1236"]

1. d4 d5 2. Nc3 c6 3. Nf3 f6 4. e3 Nh6 5. Bd3 a5 6. O-O Qd7 7. e4 e6 8. exd5
exd5 9. Bf4 Bd6 10. Re1+ Kf7 11. Bxd6 Qxd6 12. Na4 Nd7 13. b3 Ng4 14. h3 Qh2+
15. Nxh2 Nxh2 16. Kxh2 Nf8 17. Qe2 Bd7 18. Qe7+ Kg8 19. Nc5 Ng6 20. Qxd7 h5 21.
Ne6 Kh7 22. Qxg7# 1-0

[Event "Dani Consultora de Imagem"]
[Site "http://www.queenalice.com/game.php?id=1776726"]
[Date "2021.12.10"]
[Round "-"]
[White "zubarev"]
[Black "peaceman"]
[Result "1-0"]
[WhiteElo "2046"]
[BlackElo "1231"]

1. d4 d5 2. Nc3 c6 3. Nf3 f6 4. e3 Be6 5. Bd3 Qd7 6. e4 Nh6 7. e5 Na6 8. O-O g5
9. Kh1 Bg7 10. exf6 exf6 11. Qe2 Nf5 12. Bxf5 O-O-O 13. Bxe6 Kc7 14. Bxd7 Rxd7
15. Be3 Re8 16. Qd3 h5 17. Nd2 Nb4 18. Qg6 Re6 19. a3 Nxc2 20. Qxc2 f5 21. Qxf5
Rde7 22. Qxe6 Rxe6 23. Bxg5 a6 24. f4 Bxd4 25. Rac1 b5 26. Rce1 Rxe1 27. Rxe1
1-0